<?xml version="1.0" encoding="UTF-8"?>
<record
    xmlns:xsi="http://www.w3.org/2001/XMLSchema-instance"
    xsi:schemaLocation="http://www.loc.gov/MARC21/slim http://www.loc.gov/standards/marcxml/schema/MARC21slim.xsd"
    xmlns="http://www.loc.gov/MARC21/slim">

  <leader>03392cam a22004454i 4500</leader>
  <controlfield tag="003">PE-LiUPU</controlfield>
  <controlfield tag="005">20250731165407.0</controlfield>
  <controlfield tag="008">151014s2014    pe a   grm    000 0 spa d</controlfield>
  <datafield tag="035" ind1=" " ind2=" ">
    <subfield code="a">(Sirsi) a154859</subfield>
  </datafield>
  <datafield tag="040" ind1=" " ind2=" ">
    <subfield code="a">PE-LiUPU</subfield>
    <subfield code="b">spa</subfield>
    <subfield code="c">PE-LiUPU</subfield>
    <subfield code="e">rda</subfield>
  </datafield>
  <datafield tag="099" ind1=" " ind2=" ">
    <subfield code="a">TE 3</subfield>
    <subfield code="b">S25 2014</subfield>
  </datafield>
  <datafield tag="100" ind1="1" ind2=" ">
    <subfield code="a">Sauco Hern&#xE1;ndez, Flor de Mar&#xED;a</subfield>
    <subfield code="e">autor</subfield>
  </datafield>
  <datafield tag="245" ind1="1" ind2=" ">
    <subfield code="a">Satisfacci&#xF3;n laboral y compromiso institucional en los docentes de las Instituciones Educativas Adventistas de la Misi&#xF3;n Ecuatoriana del Sur, 2014 /</subfield>
    <subfield code="c">Flor de Mar&#xED;a Sauco Hern&#xE1;ndez.</subfield>
  </datafield>
  <datafield tag="264" ind1=" " ind2="0">
    <subfield code="c">2014.</subfield>
  </datafield>
  <datafield tag="300" ind1=" " ind2=" ">
    <subfield code="a">156 hojas : </subfield>
    <subfield code="b">ilustraciones;</subfield>
    <subfield code="c">30 cm</subfield>
  </datafield>
  <datafield tag="336" ind1=" " ind2=" ">
    <subfield code="a">text</subfield>
    <subfield code="2">rdacontent</subfield>
  </datafield>
  <datafield tag="337" ind1=" " ind2=" ">
    <subfield code="a">unmediated</subfield>
    <subfield code="2">rdamedia</subfield>
  </datafield>
  <datafield tag="338" ind1=" " ind2=" ">
    <subfield code="a">volume</subfield>
    <subfield code="2">rdacarrier</subfield>
  </datafield>
  <datafield tag="502" ind1=" " ind2=" ">
    <subfield code="a">Tesis</subfield>
    <subfield code="b">(Mg.) -- </subfield>
    <subfield code="c">Universidad Peruana Uni&#xF3;n,</subfield>
    <subfield code="d">2014.</subfield>
  </datafield>
  <datafield tag="504" ind1=" " ind2=" ">
    <subfield code="a">Incluye lista de referencias</subfield>
  </datafield>
  <datafield tag="520" ind1="3" ind2=" ">
    <subfield code="a">La investigaci&#xF3;n titulada "Satisfacci&#xF3;n laboral y compromiso institucional en los docentes de las instituciones educativas adventistas de la Misi&#xF3;n Ecuatoriana del Sur (2014), tiene como objetivo general determinar cu&#xE1;l es la relaci&#xF3;n de la satisfacci&#xF3;n laboral con el compromiso institucional en los docentes de las instituciones educativas adventistas de la Misi&#xF3;n Ecuatoriana del Sur, 2014. Se han trabajado cuatro objetivos espec&#xED;ficos. La hip&#xF3;tesis general supone la existencia de la relaci&#xF3;n de la satisfacci&#xF3;n laboral con el compromiso institucional en los docentes de las instituciones educativas adventistas de la Misi&#xF3;n Ecuatoriana del Sur, 2014. Se presentan cuatro hip&#xF3;tesis espec&#xED;ficas. El tipo de investigaci&#xF3;n es descriptivo, correlacional con un dise&#xF1;o no experimental, transeccional. Comprende cinco modelos. La poblaci&#xF3;n muestral est&#xE1; constituida por 95 docentes quienes laboran en las aulas en los niveles pre b&#xE1;sico, b&#xE1;sico y bachillerato de las nueve instituciones educativas adventistas estudiadas. Para la recolecci&#xF3;n de los datos se recurri&#xF3; a la t&#xE9;cnica de la encuesta, para lo cual se elabor&#xF3; un instrumento denominado "Satisfacci&#xF3;n Laboral y Compromiso Institucional", el cual consta de dos partes, la primera para levantar informaci&#xF3;n sociodemogr&#xE1;fica y la segunda para medir las variables de estudio, con un total de 52 &#xED;tems. El an&#xE1;lisis de datos se realiz&#xF3; por medio del an&#xE1;lisis de regresi&#xF3;n lineal m&#xFA;ltiple, los c&#xE1;lculos fueron realizados por medio del Paquete Estad&#xED;stico para las Ciencias Sociales (SPSS vol.21.0). Los resultados obtenidos confirman la correlaci&#xF3;n entre la satisfacci&#xF3;n laboral y el compromiso institucional de los docentes en las instituciones educativas adventistas de la Misi&#xF3;n Ecuatoriana del Sur. Las dimensiones de la variable satisfacci&#xF3;n laboral explican un 30,5% no tienen explicaci&#xF3;n a trav&#xE9;s de las variaciones de las dimensiones de satisfacci&#xF3;n laboral.</subfield>
  </datafield>
  <datafield tag="526" ind1=" " ind2=" ">
    <subfield code="a">SEG44</subfield>
  </datafield>
  <datafield tag="526" ind1=" " ind2=" ">
    <subfield code="a">SEG26</subfield>
  </datafield>
  <datafield tag="526" ind1=" " ind2=" ">
    <subfield code="a">P151</subfield>
  </datafield>
  <datafield tag="526" ind1=" " ind2=" ">
    <subfield code="a">P150</subfield>
  </datafield>
  <datafield tag="526" ind1=" " ind2=" ">
    <subfield code="a">P149</subfield>
  </datafield>
  <datafield tag="526" ind1=" " ind2=" ">
    <subfield code="a">P146</subfield>
  </datafield>
  <datafield tag="526" ind1=" " ind2=" ">
    <subfield code="a">P145</subfield>
  </datafield>
  <datafield tag="526" ind1=" " ind2=" ">
    <subfield code="a">P126</subfield>
  </datafield>
  <datafield tag="526" ind1=" " ind2=" ">
    <subfield code="a">P125</subfield>
  </datafield>
  <datafield tag="526" ind1=" " ind2=" ">
    <subfield code="a">P92</subfield>
  </datafield>
  <datafield tag="526" ind1=" " ind2=" ">
    <subfield code="a">P75</subfield>
  </datafield>
  <datafield tag="526" ind1=" " ind2=" ">
    <subfield code="a">P74</subfield>
  </datafield>
  <datafield tag="526" ind1=" " ind2=" ">
    <subfield code="a">P27</subfield>
  </datafield>
  <datafield tag="526" ind1=" " ind2=" ">
    <subfield code="a">P15</subfield>
  </datafield>
  <datafield tag="650" ind1="0" ind2="4">
    <subfield code="a">Profesores adventistas</subfield>
    <subfield code="x">Satisfacci&#xF3;n en el trabajo</subfield>
    <subfield code="x">Aspectos psicol&#xF3;gicos.</subfield>
  </datafield>
  <datafield tag="596" ind1=" " ind2=" ">
    <subfield code="a">1</subfield>
  </datafield>
  <datafield tag="942" ind1=" " ind2=" ">
    <subfield code="2">ddc</subfield>
    <subfield code="c">TESIS</subfield>
  </datafield>
  <datafield tag="999" ind1=" " ind2=" ">
    <subfield code="a">TE 3 S25 2014</subfield>
    <subfield code="w">ALPHANUM</subfield>
    <subfield code="c">7551</subfield>
    <subfield code="i">T01597</subfield>
    <subfield code="d">7551</subfield>
    <subfield code="l">CCODEBUL3</subfield>
    <subfield code="m">BUL</subfield>
    <subfield code="q">1</subfield>
    <subfield code="r">1</subfield>
    <subfield code="s">Y</subfield>
    <subfield code="t">TESIS</subfield>
    <subfield code="u">2015-10-14</subfield>
    <subfield code="x">POSGRADO</subfield>
    <subfield code="P">P57</subfield>
    <subfield code="o">.STAFF. Tesis</subfield>
  </datafield>
  <datafield tag="980" ind1=" " ind2=" ">
    <subfield code="8">1</subfield>
    <subfield code="g">ALBERTO SANCHEZ Responsable de Automatizaci&#xF3;n</subfield>
  </datafield>
  <datafield tag="952" ind1=" " ind2=" ">
    <subfield code="r">2018-07-25 00:00:00</subfield>
    <subfield code="l">0</subfield>
    <subfield code="o">TE 3 S25 2014</subfield>
    <subfield code="p">T01597</subfield>
    <subfield code="t">e1</subfield>
    <subfield code="w">2015-10-14</subfield>
    <subfield code="x">PG</subfield>
    <subfield code="y">TESIS</subfield>
    <subfield code="z">Este &#xCD;tem NO se presta por ser Ejemplar #1.</subfield>
    <subfield code="1">0</subfield>
    <subfield code="2">ddc</subfield>
    <subfield code="7">1</subfield>
    <subfield code="8">TESIS</subfield>
    <subfield code="f">P57</subfield>
    <subfield code="a">BUL</subfield>
    <subfield code="b">BUL</subfield>
    <subfield code="c">TESIS</subfield>
    <subfield code="d">2015-10-14</subfield>
  </datafield>
</record>
